000 00332nam a22001457a 4500
008 210323b ||||| |||| 00| 0 eng d
020 _a9780714873350
041 _aeng
080 _a7
082 _a7
100 _a44
101 _aART
245 _aLondon Uprising Fifty Fashion Designers One City
_cFares,T
942 _2udc
_cBK
999 _c56684
_d56684